Kluby w których grał Arjen Robben - Statystyki

Ogólne statystyki
  • Ten quiz został rozwiązany 24 razy
  • Średni wynik to 4 z 6
Statystyki odpowiedzi
Klub % Poprawnych
2009-2019 Bayern Monachium
100%
2007-2009 Real Madryt
79%
2004-2007 Chelsea
75%
2002-2004 PSV
46%
2000-2002 FC Groningen
38%
2020-2021 FC Groningen
38%
Nie znaleziono quizów pasujących do podanych kryteriów
Rozkład punktacji
Procent ludzi z każdym wynikiem
Percentyl według liczby udzielonych odpowiedzi
Twoja historia wyników
Nie rozwiązałeś tego quizu